00685nam a2200241 a 4500001001300000003000900013005001700022008004100039020001000080082001500090100001600105245004300121260004700164300000900211500003500220505001000255650001600265700001600281902000800297942000700305952011600312999001500428nice12345678IN_TiNIC20260116012352.0050524s1979 sina grp 000 0 eng  ac10000a275.1bTHO aThomas, T K aChristianity in Asiab North East Asia aSingapurbChristian Conference Indiac1979 a122p aincludes index and biblioraphy2 aIndex aChurch-Asia1 aThomas, T K bSRS cBK 001040708StackRoom-aHMIbHMId2007-07-18g100.00l0o275.1 THOp012673r2007-07-18v100.00w2005-05-24yBK c6731d6731